| 000 | 00675nam a2200205 i 4500 | ||
|---|---|---|---|
| 001 | 129807 | ||
| 003 | ES-MaACL | ||
| 005 | 20250716062529.0 | ||
| 007 | t| | ||
| 008 | 070706s1942 be ||||1| fre d | ||
| 080 | _a821.133.1-22"16" | ||
| 100 | 1 |
_aShakespeare, William, _d1564-1616 _9105992 |
|
| 245 | 1 | 4 |
_aLes comédies / _cWilliam Shakespeare ; nouvelle traduction française avec remarques et notes par Pierre Messiaen. |
| 260 |
_aParis : _bDesclée de Brouwer, _c[1942] |
||
| 300 |
_a1478 p. ; _c18 cm. |
||
| 500 | _aBiblioteca Jacinto Martínez Lacalle. | ||
| 700 | 1 |
_aMessiaen, Pierre. _980685 |
|
| 852 |
_aES-MaACL _jE-11836 _bR.138991 |
||
| 999 |
_c129807 _d129807 |
||